000 00714nam a2200289Ia 4500
005 20260324122726.0
008 008 260324s9999 xx 000 0 eng d
020 _a9780203081068
037 _aEBOOK
040 _aCRL
040 _beng
040 _cCRL
041 _2eng
041 _aeng
084 _qCRL
100 _aMarkus Kienscherf
_91167563
245 0 _aUS Domestic and International Regimes of Security
245 0 _bPacifying the Globe, Securing the Homeland
260 _bTaylor and Francis
260 _c2012
365 _a
365 _b265
856 _uhttp://www.taylorfrancis.com/books/9780203081068
942 _cEBOOK
999 _c1760525
_d1760525